Equipaments 2030: responsables i educadors : Document d'impacte Document d'impacte
Descripción Física:
37 pàg. ; il·lustracions color ; 30 cm
Colección:
Projectes transformadors
; 20
Otros Autores:
Viura, Mar
,
Pérez, Cristina
,
Berlanga, Helena
,
Rivadulla, Martín
,
Jordana, Meritxell
,
Subías Vallecillo, Esther
Materias:
Equipaments col·lectius
Idioma:
Catalán
MARC
| LEADER | 00000nam a22000007a 4500 | ||
|---|---|---|---|
| 001 | 28343 | ||
| 003 | AGDB | ||
| 005 | 20260324181520.0 | ||
| 008 | 231106b spa||||| |||| 00| 0 cat d | ||
| 017 | |a B 6355-2023 | ||
| 040 | |a agdb |b cat | ||
| 245 | |a Equipaments 2030: responsables i educadors : |b Document d'impacte | ||
| 250 | |a 1a edició: |b març 2023 | ||
| 260 | |a Barcelona : |b Diputació de Barcelona ; |c 2023 | ||
| 300 | |a 37 pàg. ; |b il·lustracions color ; |c 30 cm | ||
| 490 | |a Projectes transformadors ; |v 20 | ||
| 650 | 0 | |2 Arxiu |9 41010 |a Equipaments col·lectius | |
| 700 | 1 | |9 69725 |a Viura, Mar |e autor | |
| 700 | 1 | |9 68826 |a Pérez, Cristina |e autor | |
| 700 | |9 70010 |a Berlanga, Helena |e autor | ||
| 700 | 1 | |9 68906 |a Rivadulla, Martín |e autor | |
| 700 | |9 70011 |a Jordana, Meritxell |e autor | ||
| 700 | 1 | |9 69193 |a Subías Vallecillo, Esther |e autor | |
| 710 | |9 56130 |a Barcelona (Catalunya : Província). |b Àrea d'Educació, Esports i Joventut |e direcció i coordinació tècnica | ||
| 942 | |2 udc |c ARXIU |n 1 | ||
| 952 | |0 0 |1 0 |4 0 |6 BIB1120 |7 1 |9 96414 |a Arxiu |b Arxiu |d 2023-11-06 |l 0 |o Bib-1120 |p 28343 |r 2023-11-06 00:00:00 |w 2023-11-06 |y ARXIU | ||
| 999 | |c 128238 |d 128238 | ||